Statistics for NFL Teams by Market Size

Click here to take the quiz!

General Stats

  • This quiz has been taken 30 times
  • The average score is 12 of 32

Answer Stats

RankAnswer% Correct
1-2New York Giants
96%
3-4Los Angeles Rams
92%
1-2New York Jets
88%
3-4Los Angeles Chargers
83%
5Chicago Bears
79%
7Dallas Cowboys
75%
8San Francisco 49ers
71%
6Philadelphia Eagles
67%
11New England Patriots
46%
12Atlanta Falcons
42%
10Houston Texans
42%
32Buffalo Bills
33%
15Seattle Seahawks
33%
13Arizona Cardinals
29%
18Miami Dolphins
29%
9Washington Redskins
29%
19Denver Broncos
25%
16Detroit Lions
25%
17Minnesota Vikings
25%
20Cleveland Browns
21%
23Indianapolis Colts
21%
26Kansas City Chiefs
21%
22Pittsburgh Steelers
21%
24Baltimore Ravens
17%
28Cincinnati Bengals
17%
27Green Bay Packers
17%
30Jacksonville Jaguars
17%
29Las Vegas Raiders
17%
31New Orleans Saints
17%
14Tampa Bay Buccaneers
17%
25Tennessee Titans
17%
21Carolina Panthers
13%

Score Distribution

Percentile by Number Answered

Percent of People with Each Score

Your Score History

You have not taken this quiz